[Event "Valencia zt 2.3 (Women)"]
[Site "Valencia"]
[Date "2000.??.??"]
[Round "9"]
[White "Mazariego, Silvia Carolina"]
[Black "Martinez Porras, Ingrid Lorena"]
[Result "1-0"]
[WhiteElo "2020"]
[BlackElo "2104"]
[EventDate "2000.08.23"]
[PlyCount "121"]

1.e4 e6 2.d3 c5 3.g3 g6 4.Bg2 Bg7 5.Nf3 Ne7 6.c3 Nbc6 7.O-O b6 8.Be3 d5 9.
Qa4 O-O 10.Nbd2 d4 11.cxd4 cxd4 12.Bg5 f6 13.Bh4 g5 14.Nxg5 fxg5 15.Bxg5 
e5 16.f4 h6 17.Bh4 Bf6 18.Bxf6 Rxf6 19.f5 Bd7 20.g4 Kh7 21.Rf3 Ng8 22.h4 
Na5 23.Qd1 Rc6 24.Rh3 Rac8 25.Qe1 Qc7 26.b4 Rc1 27.Rxc1 Qxc1 28.Qxc1 Rxc1+
29.Bf1 Nc6 30.b5 Nd8 31.Nc4 Nf7 32.g5 hxg5 33.hxg5+ Kg7 34.a4 Ra1 35.Rg3 
Rxa4 36.g6 Nfh6 37.Nxe5 Bxb5 38.Ng4 Nxg4 39.Rxg4 Ra1 40.Rg3 Kf6 41.Kf2 a5 
42.Be2 Ra3 43.Kf3 Rc3 44.Kf4 Rc5 45.Rh3 a4 46.Rh8 a3 47.Rxg8 a2 48.Rf8+ 
Kg7 49.Rf7+ Kg8 50.Ra7 Bc4 51.Ra8+ Kg7 52.Ra7+ Kh8 53.dxc4 Ra5 54.Rh7+ Kg8
55.Rh1 a1=Q 56.Rxa1 Rxa1 57.Ke5 Ra5+ 58.Kxd4 Rc5 59.e5 Kg7 60.Bd3 Kf8 61.
f6 1-0

[Event "Mondariz zt 1.1"]
[Site "Mondariz"]
[Date "2000.09.03"]
[Round "1"]
[White "Arlandi, Ennio"]
[Black "Van den Doel, Erik"]
[Result "1-0"]
[WhiteElo "2437"]
[BlackElo "2547"]
[EventDate "2000.09.03"]
[PlyCount "61"]

1.d4 d5 2.c4 c6 3.e3 Nf6 4.Nc3 a6 5.Qc2 b5 6.b3 Bg4 7.Nge2 Nbd7 8.h3 Bh5 
9.Nf4 Bg6 10.Nxg6 hxg6 11.Bb2 e5 12.dxe5 Nxe5 13.Be2 Bd6 14.O-O Qe7 15.
cxd5 cxd5 16.Rfd1 Qe6 17.Qd2 Rxh3 18.Nxd5 Ne4 19.Nf4 Qf6 20.Qd5 Rh1+ 21.
Kxh1 Qh4+ 22.Nh3 Nxf2+ 23.Kg1 Nxh3+ 24.gxh3 Qg3+ 25.Qg2 Qxe3+ 26.Kh1 Rd8 
27.Rd5 Bc7 28.Rxd8+ Kxd8 29.Rd1+ Ke7 30.Bd4 Qf4 31.Bc5+ 1-0

[Event "Mondariz zt 1.1"]
[Site "Mondariz"]
[Date "2000.09.03"]
[Round "1"]
[White "Conquest, Stuart"]
[Black "Ryan, Joseph"]
[Result "1-0"]
[WhiteElo "2529"]
[BlackElo "2291"]
[EventDate "2000.09.03"]
[PlyCount "59"]

1.c4 e5 2.Nc3 Bb4 3.Qb3 Nc6 4.Nd5 a5 5.Qg3 Bf8 6.Nf3 d6 7.d3 Be6 8.e4 g6 
9.Be2 Bg7 10.Bg5 Qd7 11.O-O h6 12.Be3 Nge7 13.Rad1 Bxd5 14.cxd5 Nd4 15.
Nxd4 exd4 16.Bd2 O-O 17.Rc1 Kh7 18.h4 h5 19.Rfe1 f5 20.Qh3 Rf7 21.Bf3 Ng8 
22.exf5 Rxf5 23.Bxh5 Nf6 24.Bf3 Qf7 25.h5 Nxh5 26.Be4 Kg8 27.Bxf5 gxf5 28.
Re6 c6 29.Rce1 Be5 30.Rh6 1-0

[Event "Mondariz zt 1.1"]
[Site "Mondariz"]
[Date "2000.09.03"]
[Round "1"]
[White "Efimov, Igor"]
[Black "Lautier, Joel"]
[Result "0-1"]
[WhiteElo "2520"]
[BlackElo "2648"]
[EventDate "2000.09.03"]
[PlyCount "106"]

1.e4 c5 2.Nf3 d6 3.d4 cxd4 4.Nxd4 Nf6 5.Nc3 a6 6.Bg5 e6 7.Qd3 h6 8.Bh4 Be7
9.O-O-O Nbd7 10.Be2 g5 11.Bg3 Ne5 12.Qe3 Qc7 13.h4 Rg8 14.hxg5 hxg5 15.f3 
b5 16.a3 Rb8 17.Rh6 b4 18.axb4 Rxb4 19.b3 Rb8 20.Be1 Bb7 21.Kb2 Nfd7 22.
Ra1 Nc5 23.Kc1 Ra8 24.Kd1 Ng6 25.Rh7 Nf8 26.Rh6 Ng6 27.Rh7 Kf8 28.g3 Bf6 
29.Bc4 Rh8 30.Rxh8+ Bxh8 31.Bf2 Bf6 32.f4 Qe7 33.Ra5 Rc8 34.Nde2 Qd8 35.b4
Nxe4 36.Nxe4 Rxc4 37.Nxf6 Qxf6 38.Qd3 Bd5 39.Bd4 Qe7 40.Nc3 Rxb4 41.f5 Ne5
42.Bxe5 dxe5 43.Nxd5 exd5 44.Rxd5 Rb1+ 45.Ke2 Qb4 46.Kf2 Qe1+ 47.Kg2 Qh1+ 
48.Kf2 Qe1+ 49.Kg2 Qh1+ 50.Kf2 Kg7 51.Rxe5 Rg1 52.f6+ Kh6 53.Rxg5 Qg2+ 0-1

[Event "Mondariz zt 1.1"]
[Site "Mondariz"]
[Date "2000.09.03"]
[Round "1"]
[White "Fernando, Diogo"]
[Black "Emms, John M"]
[Result "1/2-1/2"]
[WhiteElo "2257"]
[BlackElo "2527"]
[EventDate "2000.09.03"]
[PlyCount "58"]

1.e4 c5 2.Nf3 e6 3.d4 cxd4 4.Nxd4 Nc6 5.Nb5 d6 6.Bf4 e5 7.Be3 a6 8.N5c3 
Nf6 9.Nd2 d5 10.exd5 Nxd5 11.Nxd5 Qxd5 12.c3 Be6 13.Nc4 Qxd1+ 14.Rxd1 Rd8 
15.Rxd8+ Kxd8 16.Bb6+ Kc8 17.Be2 Be7 18.a4 Bd8 19.Bc5 Bc7 20.b4 Rd8 21.O-O
e4 22.b5 Bxc4 23.Bxc4 Ne5 24.Bb3 axb5 25.axb5 b6 26.Bd4 Kb7 27.Bxe5 Bxe5 
28.Bxf7 Bxc3 29.Bb3 Rd4 1/2-1/2

[Event "Mondariz zt 1.1"]
[Site "Mondariz"]
[Date "2000.09.03"]
[Round "1"]
[White "Moreno Carnero, Javier"]
[Black "Hodgson, Julian M"]
[Result "1/2-1/2"]
[WhiteElo "2515"]
[BlackElo "2640"]
[EventDate "2000.09.03"]
[PlyCount "63"]

1.e4 g6 2.d4 Bg7 3.c4 d6 4.Nc3 Nc6 5.d5 Ne5 6.f4 Nd7 7.Nf3 Nc5 8.Bd3 Bg4 
9.h3 Bxf3 10.Qxf3 e5 11.dxe6 fxe6 12.Bc2 Ne7 13.Be3 Nc6 14.O-O-O Bxc3 15.
Bxc5 Bg7 16.e5 O-O 17.Qe4 Qh4 18.exd6 Qf6 19.Ba3 cxd6 20.Rxd6 Qxf4+ 21.Kb1
Nd4 22.Bd3 Qf2 23.Rd1 Rf7 24.Bc5 Rf4 25.Qxb7 Raf8 26.g3 Qxg3 27.a3 Be5 28.
Rd7 Rb8 29.Rg7+ Kh8 30.Rxh7+ Kg8 31.Rg7+ Kh8 32.Rh7+ 1/2-1/2

[Event "Mondariz zt 1.1"]
[Site "Mondariz"]
[Date "2000.09.03"]
[Round "1"]
[White "Nataf, Igor Alexandre"]
[Black "McMahon, Daire"]
[Result "1-0"]
[WhiteElo "2526"]
[BlackElo "2246"]
[EventDate "2000.09.03"]
[PlyCount "69"]

1.e4 e5 2.Nf3 Nc6 3.d4 exd4 4.Nxd4 Nf6 5.Nxc6 bxc6 6.e5 Qe7 7.Qe2 Nd5 8.c4
Ba6 9.b3 Qh4 10.a3 Bc5 11.g3 Bxf2+ 12.Qxf2 Qe4+ 13.Kd1 Qxh1 14.Nd2 O-O 15.
Kc2 f6 16.e6 dxe6 17.Bh3 Rfe8 18.Nf3 e5 19.Bb2 Qxa1 20.Bxa1 Nb6 21.Nd2 
Rad8 22.Ne4 Bc8 23.Bxc8 Nxc8 24.g4 Re6 25.Bc3 Nd6 26.Nxd6 cxd6 27.Qxa7 d5 
28.Qb6 Rde8 29.a4 d4 30.Bb4 g6 31.a5 f5 32.a6 f4 33.a7 f3 34.Qb8 d3+ 35.
Kc3 1-0

[Event "Mondariz zt 1.1"]
[Site "Mondariz"]
[Date "2000.09.03"]
[Round "1"]
[White "Piket, Jeroen"]
[Black "Plaskett, Jim"]
[Result "1-0"]
[WhiteElo "2649"]
[BlackElo "2525"]
[EventDate "2000.09.03"]
[PlyCount "39"]

1.d4 e6 2.c4 b6 3.a3 Bb7 4.Nc3 f5 5.d5 Nf6 6.g3 g6 7.Bg2 Bg7 8.Nh3 O-O 9.
O-O Na6 10.b4 Ne4 11.Nxe4 fxe4 12.Rb1 exd5 13.cxd5 Qe7 14.Ng5 Kh8 15.Nxe4 
Rae8 16.Bb2 Rf5 17.d6 Qf8 18.Nf6 Bxg2 19.Nxe8 Bxb2 20.Kxg2 1-0

[Event "Mondariz zt 1.1"]
[Site "Mondariz"]
[Date "2000.09.03"]
[Round "1"]
[White "Reinderman, Dimitri"]
[Black "De la Riva Aguado, Oscar"]
[Result "1-0"]
[WhiteElo "2551"]
[BlackElo "2462"]
[EventDate "2000.09.03"]
[PlyCount "139"]

1.e4 c5 2.Nf3 Nc6 3.Bb5 a6 4.Bxc6 dxc6 5.O-O Bg4 6.h3 Bh5 7.Re1 Qc7 8.e5 
e6 9.d3 Ne7 10.Qe2 h6 11.Bf4 g5 12.Bh2 Bxf3 13.Qxf3 Nf5 14.Nd2 O-O-O 15.
Ne4 Be7 16.Qh5 Rdf8 17.a3 Qd8 18.b4 Qd5 19.bxc5 Bxc5 20.c4 Qd4 21.Rab1 a5 
22.Qd1 Kc7 23.Qb3 b6 24.Kh1 a4 25.Qc2 Ra8 26.Bg1 Rhd8 27.Red1 Qd7 28.Nxc5 
bxc5 29.f3 Nd4 30.Qc3 Nb3 31.Rxb3 axb3 32.Bxc5 Kc8 33.Qxb3 Qb7 34.Qc2 Qa6 
35.Qe2 Rb8 36.Qe4 Qa4 37.Rc1 Rb2 38.Qh7 Qa5 39.Bb4 Qa7 40.Bd6 Qe3 41.Rg1 
Qf4 42.Qxh6 Rc2 43.Be7 Rg8 44.Qh7 Re8 45.Bf6 Rc1 46.Qe4 Qxe4 47.fxe4 Rc3 
48.Rd1 Rg8 49.Kh2 Rxa3 50.Rd2 Ra1 51.Kg3 Rf1 52.Ra2 Kb7 53.Rb2+ Kc8 54.Ra2
Kb7 55.Rf2 Rd1 56.Kg4 Rxd3 57.Bxg5 Rd4 58.Rxf7+ Kb6 59.Rf4 Kc5 60.h4 Kxc4 
61.h5 Kd3 62.h6 Rd7 63.Kh5 c5 64.g4 c4 65.Rf1 Kxe4 66.Re1+ Kf3 67.Re3+ Kg2
68.Rc3 Rd4 69.Bf6 Rd3 70.Rxc4 1-0

[Event "Mondariz zt 1.1"]
[Site "Mondariz"]
[Date "2000.09.04"]
[Round "2"]
[White "Bellini, Fabio"]
[Black "Norris, Alan J"]
[Result "1-0"]
[WhiteElo "2484"]
[BlackElo "2299"]
[EventDate "2000.09.03"]
[PlyCount "77"]

1.e4 c5 2.b3 Nc6 3.Bb2 e5 4.Bb5 d6 5.Ne2 g6 6.Bxc6+ bxc6 7.O-O Bg7 8.f4 f6
9.d3 Nh6 10.h3 O-O 11.Nd2 Qe7 12.Qe1 Bd7 13.Nc4 d5 14.Ne3 exf4 15.Nxf4 
Rae8 16.Qa5 f5 17.Bxg7 Kxg7 18.Rae1 fxe4 19.dxe4 Qg5 20.Qxa7 Rf7 21.exd5 
Qg3 22.Qxc5 Rxf4 23.Qc3+ Kg8 24.Rxf4 Qxf4 25.dxc6 Bxh3 26.c7 Qg3 27.Re2 
Rc8 28.Qc4+ Nf7 29.Nd5 Ne5 30.Qe4 Ng4 31.Qf4 Qxf4 32.Nxf4 Rxc7 33.gxh3 Nh6
34.Re8+ Kf7 35.Rh8 Rxc2 36.Rxh7+ Kf6 37.Rxh6 Kg5 38.Rxg6+ Kxf4 39.Rg2 1-0

[Event "Mondariz zt 1.1"]
[Site "Mondariz"]
[Date "2000.09.04"]
[Round "2"]
[White "Emms, John M"]
[Black "Magem Badals, Jordi"]
[Result "1/2-1/2"]
[WhiteElo "2527"]
[BlackElo "2482"]
[EventDate "2000.09.03"]
[PlyCount "131"]

1.e4 c5 2.Nf3 Nc6 3.d4 cxd4 4.Nxd4 Qc7 5.Nc3 e6 6.g3 a6 7.Bg2 Nf6 8.O-O 
Bc5 9.Nxc6 dxc6 10.Na4 Ba7 11.c4 Nd7 12.b4 a5 13.b5 e5 14.Rb1 Bd4 15.Bb2 
c5 16.Bxd4 cxd4 17.c5 Nxc5 18.Rc1 b6 19.Nxc5 bxc5 20.Qc2 Be6 21.Qxc5 Qxc5 
22.Rxc5 Bxa2 23.Rxe5+ Kd7 24.Rd1 Rhd8 25.Rc5 Ke7 26.Rc7+ Kf8 27.b6 a4 28.
b7 Rab8 29.Bh3 d3 30.Rc8 Be6 31.Bxe6 fxe6 32.Rxd8+ Rxd8 33.Rxd3 Rb8 34.Ra3
Rxb7 35.Rxa4 Kf7 36.h4 e5 37.Ra5 Kf6 38.Ra6+ Kf7 39.h5 h6 40.Kg2 Rb2 41.
Kf3 Rc2 42.Rd6 Ke7 43.Rd5 Ke6 44.Ke3 Rc3+ 45.Rd3 Rc5 46.Ra3 Kf6 47.Kf3 Rc2
48.Ra5 Rb2 49.Ra6+ Ke7 50.Kg2 Re2 51.Kf3 Rb2 52.Rg6 Kf7 53.Kg2 Re2 54.Kf3 
Rb2 55.Rd6 Ke7 56.Rd3 Ke6 57.Kg2 Re2 58.Re3 Rxe3 59.fxe3 Kf6 60.Kh3 Kg5 
61.g4 Kf6 62.Kh4 g5+ 63.hxg6 Kxg6 64.Kh3 Kg5 65.Kg3 Kf6 66.Kh4 1/2-1/2

[Event "Mondariz zt 1.1"]
[Site "Mondariz"]
[Date "2000.09.04"]
[Round "2"]
[White "Grant, Jonathan"]
[Black "Parker, Jonathan"]
[Result "0-1"]
[WhiteElo "2208"]
[BlackElo "2539"]
[EventDate "2000.09.03"]
[PlyCount "104"]

1.c4 e5 2.Nc3 Nf6 3.Nf3 Nc6 4.g3 d5 5.cxd5 Nxd5 6.Bg2 Nb6 7.O-O Be7 8.Rb1 
a5 9.b3 O-O 10.Bb2 Re8 11.d3 Bf5 12.Nd2 Qd7 13.Nc4 Bh3 14.Nxb6 cxb6 15.
Bxh3 Qxh3 16.Nd5 Rad8 17.e4 Nb4 18.Nxb4 Bxb4 19.Qf3 Bc5 20.Rbd1 Rd6 21.Kh1
Qd7 22.Qe2 Bd4 23.Bxd4 Rxd4 24.f4 exf4 25.gxf4 f5 26.e5 Qc6+ 27.Qg2 Re6 
28.Rc1 Qxg2+ 29.Kxg2 Rxd3 30.Rc7 Rg6+ 31.Kf2 Rc6 32.Rc1 Rd2+ 33.Ke3 Rxc1 
34.Rxc1 Rxa2 35.Rc8+ Kf7 36.Rc7+ Ke6 37.Rxb7 Rxh2 38.Rxg7 Rh3+ 39.Kd4 Rf3 
40.Rxh7 Rxf4+ 41.Kd3 Rb4 42.Kc2 Kxe5 43.Rh3 Kf4 44.Kd2 Kg4 45.Rd3 f4 46.
Ke2 b5 47.Kf2 a4 48.bxa4 bxa4 49.Ra3 Rb2+ 50.Kf1 f3 51.Rxa4+ Kg3 52.Ra1 
Rh2 0-1

[Event "Mondariz zt 1.1"]
[Site "Mondariz"]
[Date "2000.09.04"]
[Round "2"]
[White "Hodgson, Julian M"]
[Black "Godena, Michele"]
[Result "0-1"]
[WhiteElo "2640"]
[BlackElo "2485"]
[EventDate "2000.09.03"]
[PlyCount "68"]

1.d4 d5 2.Bg5 h6 3.Bh4 c6 4.Nf3 Qb6 5.Qc1 g5 6.Bg3 g4 7.Ne5 Qxd4 8.c4 Bg7 
9.e3 Qc5 10.Nd2 Nd7 11.Nd3 Qb6 12.a4 Nc5 13.cxd5 Nxd3+ 14.Bxd3 cxd5 15.
Bb5+ Kf8 16.O-O Bf5 17.Bc7 Qg6 18.Qc5 Nf6 19.a5 a6 20.Ba4 Ne8 21.Bf4 Bxb2 
22.Rab1 Rc8 23.Qxd5 Bxb1 24.Qxb7 Rc1 25.Rxc1 Bxc1 26.Nxb1 Kg7 27.Be5+ Nf6 
28.Qxe7 Bb2 29.Bc2 Rc8 30.Nc3 Qxc2 31.Qxf6+ Kf8 32.Qxh6+ Ke8 33.h4 Bxc3 
34.Bf4 Qg6 0-1

[Event "Mondariz zt 1.1"]
[Site "Mondariz"]
[Date "2000.09.04"]
[Round "2"]
[White "Jonkman, Harmen"]
[Black "Reinderman, Dimitri"]
[Result "0-1"]
[WhiteElo "2424"]
[BlackElo "2551"]
[EventDate "2000.09.03"]
[PlyCount "74"]

1.e4 g6 2.d4 Bg7 3.Nf3 d6 4.Nc3 Nf6 5.Be3 c6 6.h3 b5 7.Bd3 O-O 8.Qd2 Nbd7 
9.e5 Ne8 10.Bh6 dxe5 11.dxe5 Nc5 12.h4 Nxd3+ 13.cxd3 f6 14.Bxg7 Nxg7 15.h5
Nxh5 16.Rh4 Rf7 17.O-O-O Ng7 18.Re1 g5 19.Rhe4 Bf5 20.Rd4 Qb6 21.exf6 exf6
22.g4 c5 23.Rd5 Bxg4 24.Nxg5 fxg5 25.Qxg5 Bf5 26.Rg1 Bg6 27.Ne4 Bxe4 28.
dxe4 Qf6 29.Qxf6 Rxf6 30.Rdg5 Rf7 31.f4 Raf8 32.f5 Kh8 33.R1g4 Re7 34.Kd2 
Ne8 35.Rh4 Nf6 36.Rg6 Nxe4+ 37.Kc2 Rxf5 0-1

[Event "Mondariz zt 1.1"]
[Site "Mondariz"]
[Date "2000.09.04"]
[Round "2"]
[White "Narciso Dublan, Marc"]
[Black "Reinaldo Castineira, Roi"]
[Result "1/2-1/2"]
[WhiteElo "2507"]
[BlackElo "2416"]
[EventDate "2000.09.03"]
[PlyCount "95"]

1.c4 c5 2.g3 Nf6 3.Bg2 Nc6 4.Nc3 g6 5.e4 Bg7 6.Nge2 O-O 7.d3 d6 8.O-O a6 
9.h3 Rb8 10.a4 Ne8 11.Be3 Nd4 12.Rb1 Bd7 13.b4 Nxe2+ 14.Nxe2 cxb4 15.Rxb4 
b5 16.axb5 axb5 17.cxb5 Rxb5 18.Rxb5 Bxb5 19.Qb3 Qa5 20.Nd4 Bd7 21.Qb7 Qa4
22.Rc1 Bxd4 23.Bxd4 Qxd4 24.Qxd7 e6 25.Qb5 Nf6 26.Qc4 Qxc4 27.Rxc4 d5 28.
exd5 Nxd5 29.Bxd5 exd5 30.Rc5 Rd8 31.Kg2 Kg7 32.Rc6 Kf8 33.Kf3 Ke7 34.Kf4 
Rd6 35.Rc7+ Kf6 36.h4 h6 37.Rc8 Ra6 38.Rd8 g5+ 39.Ke3 gxh4 40.gxh4 Ke5 41.
d4+ Ke6 42.Re8+ Kf6 43.Rd8 Ke6 44.Re8+ Kf6 45.Re5 Re6 46.Rxe6+ Kxe6 47.Kf4
f5 48.Kf3 1/2-1/2

[Event "Mondariz zt 1.1"]
[Site "Mondariz"]
[Date "2000.09.04"]
[Round "2"]
[White "Nataf, Igor Alexandre"]
[Black "Bauer, Christian"]
[Result "1-0"]
[WhiteElo "2526"]
[BlackElo "2562"]
[EventDate "2000.09.03"]
[PlyCount "75"]

1.e4 c6 2.d4 d5 3.e5 Bf5 4.Nc3 e6 5.g4 Bg6 6.Nge2 h6 7.Be3 Nd7 8.Qd2 b5 9.
Ng3 Nb6 10.f4 Qh4 11.Qf2 Ne7 12.Be2 Nc4 13.O-O-O Nc8 14.f5 Bh7 15.Rdf1 Qe7
16.Bxc4 bxc4 17.Nh5 Qb7 18.Na4 Rb8 19.c3 exf5 20.gxf5 Qa6 21.Qc2 Nb6 22.
Nxb6 Rxb6 23.Kb1 Rb5 24.Bc1 Ra5 25.a3 Rb5 26.Ka2 Kd8 27.Rhg1 Rg8 28.Bxh6 
gxh6 29.Rxg8 Bxg8 30.Nf6 Rb3 31.Qc1 Qa4 32.Rf3 c5 33.Rg3 Bh7 34.Nxh7 cxd4 
35.Nxf8 dxc3 36.Rxc3 Qb5 37.Qc2 Ke7 38.Rxb3 1-0

[Event "Mondariz zt 1.1"]
[Site "Mondariz"]
[Date "2000.09.04"]
[Round "2"]
[White "Nijboer, Friso"]
[Black "Piket, Jeroen"]
[Result "1-0"]
[WhiteElo "2537"]
[BlackElo "2649"]
[EventDate "2000.09.03"]
[PlyCount "131"]

1.e4 e5 2.Nf3 Nc6 3.Bb5 a6 4.Ba4 Nf6 5.O-O Be7 6.Re1 b5 7.Bb3 d6 8.c3 O-O 
9.h3 Nb8 10.d4 Nbd7 11.Nbd2 Bb7 12.Bc2 Re8 13.Nf1 Bf8 14.Ng3 g6 15.a4 c5 
16.d5 c4 17.Bg5 h6 18.Be3 Nc5 19.Qd2 h5 20.Bg5 Be7 21.Bh6 Nh7 22.Ra3 Rb8 
23.Rea1 Qc7 24.Qc1 Bd8 25.Be3 Nf6 26.Nd2 Nfd7 27.axb5 axb5 28.b4 cxb3 29.
Bxb3 h4 30.Ne2 f5 31.Bc2 f4 32.Bxc5 Nxc5 33.Qf1 Bc8 34.Nc1 Bd7 35.Na2 Qc8 
36.Nb4 g5 37.Bd1 Bb6 38.Be2 Rf8 39.Nc6 Bxc6 40.dxc6 f3 41.gxf3 Qxc6 42.
Bxb5 Qc7 43.Qc4+ Kh7 44.Qd5 Kh6 45.Ra8 Rxa8 46.Rxa8 Rxa8 47.Qxa8 Ne6 48.
Qe8 Nf4 49.Qh8+ Qh7 50.Qf8+ Qg7 51.Qxd6+ Qg6 52.Qxe5 Qg7 53.Qd6+ Qg6 54.
Qf8+ Qg7 55.Qd6+ Qg6 56.Qb8 Ba5 57.Nc4 Bxc3 58.Ne3 Qe6 59.Ng4+ Kg6 60.Be8+
Kg7 61.Qc7+ Kf8 62.Bd7 Qe7 63.Qc8+ Kf7 64.Nh6+ Kg6 65.Nf5 Qe5 66.Qg8+ 1-0

[Event "Mondariz zt 1.1"]
[Site "Mondariz"]
[Date "2000.09.04"]
[Round "2"]
[White "Tiviakov, Sergei"]
[Black "Conquest, Stuart"]
[Result "1/2-1/2"]
[WhiteElo "2608"]
[BlackElo "2529"]
[EventDate "2000.09.03"]
[PlyCount "102"]

1.e4 c6 2.d4 d5 3.Nd2 dxe4 4.Nxe4 Bf5 5.Ng3 Bg6 6.Bc4 e6 7.N1e2 Nf6 8.Nf4 
Bd6 9.Bb3 Nbd7 10.O-O Qc7 11.Qf3 O-O-O 12.c3 Kb8 13.Re1 e5 14.Nxg6 fxg6 
15.Be3 h5 16.h3 Rhf8 17.Ne4 exd4 18.Bxd4 Bh2+ 19.Kh1 Be5 20.Nxf6 Rxf6 21.
Qe3 Bxd4 22.Qxd4 Nb6 23.Qe3 Nd5 24.Bxd5 Rxd5 25.Rad1 Rxd1 26.Rxd1 a6 27.
Kg1 Rd6 28.Re1 c5 29.h4 Qb6 30.Re2 Ka7 31.Kh2 Rd7 32.Qe5 Qc6 33.f3 a5 34.
Kg3 b6 35.c4 Ka6 36.b3 Qb7 37.a4 Rd3 38.Qe8 Qc7+ 39.Kh3 Qd7+ 40.Qxd7 Rxd7 
41.Re3 Rd2 42.Kg3 Rb2 43.f4 Kb7 44.Kf3 Kc7 45.Rd3 Kc6 46.g3 Rb1 47.Ke4 
Re1+ 48.Re3 Rxe3+ 49.Kxe3 Kd6 50.Kf3 Ke7 51.Ke4 Ke6 1/2-1/2

[Event "Mondariz zt 1.1"]
[Site "Mondariz"]
[Date "2000.09.04"]
[Round "2"]
[White "Van den Doel, Erik"]
[Black "De la Riva Aguado, Oscar"]
[Result "1/2-1/2"]
[WhiteElo "2547"]
[BlackElo "2462"]
[EventDate "2000.09.03"]
[PlyCount "72"]

1.e4 c5 2.Nf3 Nc6 3.d4 cxd4 4.Nxd4 Qc7 5.Nc3 e6 6.Be2 a6 7.O-O Nf6 8.Kh1 
Nxd4 9.Qxd4 Bc5 10.Qd3 b5 11.f4 Bb7 12.Bf3 h5 13.e5 Ng4 14.Bxb7 Qxb7 15.
Ne4 Be7 16.b3 Nh6 17.Be3 Rc8 18.Bf2 Nf5 19.Rad1 h4 20.h3 Qc6 21.c3 O-O 22.
Qf3 Rcd8 23.Rd3 d5 24.exd6 Nxd6 25.Nxd6 Qxf3 26.Rxf3 Rxd6 27.Bd4 b4 28.Re1
bxc3 29.Bxc3 Rc6 30.Ree3 Rd8 31.Rd3 Rcd6 32.Rxd6 Rxd6 33.g4 hxg3 34.Rxg3 
f6 35.Kg2 Rd5 36.Re3 Kf7 1/2-1/2

[Event "Mondariz zt 1.1"]
[Site "Mondariz"]
[Date "2000.09.05"]
[Round "3"]
[White "Bauer, Christian"]
[Black "Magem Badals, Jordi"]
[Result "1/2-1/2"]
[WhiteElo "2562"]
[BlackElo "2482"]
[EventDate "2000.09.03"]
[PlyCount "33"]

1.e4 c6 2.d4 d5 3.Nc3 dxe4 4.Nxe4 Bf5 5.Nc5 b6 6.Nb3 e6 7.Nf3 Bd6 8.g3 h6 
9.Bg2 Ne7 10.O-O Nd7 11.Re1 O-O 12.Nbd2 b5 13.a4 a6 14.Ne4 Bc7 15.Nfd2 Nd5
16.c3 Re8 17.Rb1 1/2-1/2

[Event "Mondariz zt 1.1"]
[Site "Mondariz"]
[Date "2000.09.05"]
[Round "3"]
[White "De la Riva Aguado, Oscar"]
[Black "Hodgson, Julian M"]
[Result "1-0"]
[WhiteElo "2462"]
[BlackElo "2640"]
[EventDate "2000.09.03"]
[PlyCount "49"]

1.e4 c5 2.Nf3 Nc6 3.Bb5 d6 4.O-O Bd7 5.c3 Nf6 6.Re1 a6 7.Bxc6 Bxc6 8.d4 
Bxe4 9.Bg5 Bd5 10.Nbd2 b5 11.c4 bxc4 12.dxc5 e6 13.Rc1 dxc5 14.Ne5 Qb8 15.
Ndxc4 Be7 16.Bxf6 gxf6 17.Nd3 Qb5 18.a4 Qb7 19.Ne3 Rg8 20.Nxc5 Rxg2+ 21.
Nxg2 Bxc5 22.Rxc5 Bxg2 23.Qg4 Bd5 24.Rec1 Qxb2 25.Rc7 1-0

[Event "Mondariz zt 1.1"]
[Site "Mondariz"]
[Date "2000.09.05"]
[Round "3"]
[White "Degraeve, Jean Marc"]
[Black "Grant, Jonathan"]
[Result "1-0"]
[WhiteElo "2540"]
[BlackElo "2208"]
[EventDate "2000.09.03"]
[PlyCount "81"]

1.e4 c6 2.d4 d5 3.exd5 cxd5 4.Bd3 Nc6 5.c3 Nf6 6.Bf4 Bg4 7.Qb3 Qd7 8.Nd2 
e6 9.Ngf3 Bxf3 10.Nxf3 Bd6 11.Bxd6 Qxd6 12.O-O O-O 13.Rae1 Rab8 14.Ne5 b5 
15.a3 Rfc8 16.f4 a5 17.Re3 b4 18.axb4 axb4 19.Qd1 bxc3 20.bxc3 Ne7 21.Rh3 
g6 22.Qe1 Kg7 23.g4 Rb3 24.Qh4 h5 25.f5 exf5 26.gxf5 Rcxc3 27.fxg6 fxg6 
28.Rhf3 Nf5 29.Bxf5 Rxf3 30.Nxf3 gxf5 31.Qg5+ Kf8 32.Qxf5 Ke7 33.Ng5 Rb2 
34.Re1+ Kf8 35.Ne6+ Ke7 36.Nf4+ Ne4 37.Ra1 Kd8 38.Ra8+ Rb8 39.Qf8+ Qxf8 
40.Rxb8+ Ke7 41.Ng6+ 1-0

[Event "Mondariz zt 1.1"]
[Site "Mondariz"]
[Date "2000.09.05"]
[Round "3"]
[White "Dorfman, Josif D"]
[Black "Bellini, Fabio"]
[Result "1/2-1/2"]
[WhiteElo "2600"]
[BlackElo "2484"]
[EventDate "2000.09.03"]
[PlyCount "62"]

1.c4 e6 2.d4 d5 3.Nc3 Nf6 4.Nf3 Nbd7 5.cxd5 exd5 6.Bf4 c6 7.Qc2 Be7 8.h3 
O-O 9.e3 Re8 10.Bd3 Nf8 11.O-O Ng6 12.Bh2 Bd6 13.Bxd6 Qxd6 14.Rab1 b6 15.
b4 Bb7 16.a4 Nf8 17.a5 Rab8 18.Rfc1 N8d7 19.axb6 axb6 20.e4 dxe4 21.Nxe4 
Qf4 22.Ne5 Nxe5 23.Nxf6+ Qxf6 24.Bxh7+ Kf8 25.dxe5 Qxe5 26.Bd3 Rbd8 27.Qc3
Qxc3 28.Rxc3 c5 29.Bb5 Re5 30.bxc5 Rxc5 31.Re3 Bc6 1/2-1/2

[Event "Mondariz zt 1.1"]
[Site "Mondariz"]
[Date "2000.09.05"]
[Round "3"]
[White "Fernando, Diogo"]
[Black "Plaskett, Jim"]
[Result "1/2-1/2"]
[WhiteElo "2257"]
[BlackElo "2525"]
[EventDate "2000.09.03"]
[PlyCount "134"]

1.e4 c5 2.Nf3 Nc6 3.Bb5 e6 4.Bxc6 bxc6 5.b3 Ne7 6.h4 d6 7.h5 e5 8.d3 f6 9.
Nbd2 Be6 10.Nc4 d5 11.Ne3 c4 12.bxc4 dxe4 13.dxe4 Qxd1+ 14.Kxd1 Nc8 15.Rb1
Bc5 16.Ke2 Nd6 17.Nd2 O-O 18.f3 f5 19.Nxf5 Nxf5 20.exf5 Rxf5 21.Rb7 e4 22.
Nxe4 Bxc4+ 23.Ke1 Re8 24.Bb2 Rf7 25.Rxf7 Kxf7 26.Rh4 Bxa2 27.Rf4+ Kg8 28.
Rg4 Bf8 29.h6 g6 30.Kf2 Be7 31.Nf6+ Bxf6 32.Bxf6 Kf7 33.Bc3 Bd5 34.Ra4 Re7
35.Bd4 g5 36.c4 Be6 37.Bxa7 Bxc4 38.Rxc4 Rxa7 39.Rxc6 Ra4 40.Rb6 g4 41.
Rb7+ Kf6 42.Rxh7 gxf3 43.gxf3 Kg6 44.Rh8 Rh4 45.Ra8 Rh1 46.Ra6+ Kg5 47.Kg3
Kf5 48.Ra7 Kg6 49.h7 Kf5 50.Rc7 Kg5 51.Kf2 Kf5 52.Ke3 Rh4 53.Kd3 Ke5 54.
Rb7 Kf5 55.Ke3 Ke5 56.f4+ Kf5 57.Rb5+ Kg6 58.Ke4 Kxh7 59.Ke5 Rh6 60.Rd5 
Kg8 61.Ra5 Rb6 62.Ra7 Kf8 63.Kf5 Rb5+ 64.Kg6 Rb6+ 65.Kg5 Rb5+ 66.f5 Rb6 
67.f6 Rb1 1/2-1/2

[Event "Mondariz zt 1.1"]
[Site "Mondariz"]
[Date "2000.09.05"]
[Round "3"]
[White "Fressinet, Laurent"]
[Black "Jonkman, Harmen"]
[Result "1-0"]
[WhiteElo "2536"]
[BlackElo "2424"]
[EventDate "2000.09.03"]
[PlyCount "77"]

1.e4 e5 2.Nf3 Nc6 3.Bb5 Nf6 4.O-O Nxe4 5.d4 Nd6 6.Bxc6 dxc6 7.dxe5 Nf5 8.
Qxd8+ Kxd8 9.Nc3 Ke8 10.h3 Ne7 11.Ne4 Ng6 12.Re1 h6 13.Bd2 c5 14.a4 Be6 
15.a5 Rd8 16.Be3 b6 17.Nc3 Ra8 18.Red1 Be7 19.Nb5 Bd8 20.axb6 cxb6 21.Nxa7
Bd7 22.c4 Ke7 23.b4 cxb4 24.c5 b3 25.cxb6 Bxb6 26.Bxb6 Rhb8 27.Bc5+ Ke8 
28.Nd4 b2 29.Rab1 Rb7 30.Rd2 Rc7 31.Rc2 Ba4 32.Nab5 Bxb5 33.Nxb5 Rxc5 34.
Rxc5 Ra1 35.Nc3 Nf4 36.Kh2 Nd3 37.Rd5 Nb4 38.Rb5 Na2 39.R5xb2 1-0

[Event "Mondariz zt 1.1"]
[Site "Mondariz"]
[Date "2000.09.05"]
[Round "3"]
[White "Galego, Luis"]
[Black "Emms, John M"]
[Result "1/2-1/2"]
[WhiteElo "2419"]
[BlackElo "2527"]
[EventDate "2000.09.03"]
[PlyCount "72"]

1.d4 Nf6 2.Nf3 e6 3.g3 b6 4.Bg2 Bb7 5.O-O Be7 6.c4 O-O 7.Nc3 Ne4 8.Qc2 
Nxc3 9.Qxc3 f5 10.Rd1 Bf6 11.Qb3 Qe7 12.d5 Na6 13.Be3 Nc5 14.Qc2 a5 15.Nd4
Bxd4 16.Bxd4 d6 17.Bxc5 bxc5 18.Rd3 e5 19.Ra3 Ra6 20.Qd2 Rfa8 21.e4 Bc8 
22.Re1 Qf6 23.exf5 Bxf5 24.Rf3 Qg6 25.Rb3 Rf8 26.Rb7 Qf7 27.Re3 Raa8 28.
Rf3 Qd7 29.h4 a4 30.Rb4 Rfb8 31.Rxb8+ Rxb8 32.Kh2 h6 33.b3 Rb4 34.Re3 Qf7 
35.Bf3 Qg6 36.Bd1 axb3 1/2-1/2

[Event "Mondariz zt 1.1"]
[Site "Mondariz"]
[Date "2000.09.05"]
[Round "3"]
[White "Nijboer, Friso"]
[Black "Lautier, Joel"]
[Result "1/2-1/2"]
[WhiteElo "2537"]
[BlackElo "2648"]
[EventDate "2000.09.03"]
[PlyCount "62"]

1.e4 c5 2.Nf3 d6 3.d4 cxd4 4.Nxd4 Nf6 5.Nc3 a6 6.Bc4 e6 7.O-O Be7 8.Bb3 
O-O 9.Qf3 Nc6 10.Be3 Bd7 11.a4 Rc8 12.Nxc6 Bxc6 13.a5 Nd7 14.Rfd1 Qc7 15.
Qg3 Rfe8 16.f3 Nc5 17.Bd4 Bf8 18.Bc4 Nd7 19.Bf1 d5 20.Qxc7 Rxc7 21.exd5 
exd5 22.Bf2 Nf6 23.Bd3 Nd7 24.Bf1 Nf6 25.Bb6 Rcc8 26.Bd4 Bb4 27.Bd3 Nd7 
28.Bf5 Rcd8 29.Na4 Bxa5 30.Bxd7 Bxd7 31.Nb6 Bxb6 1/2-1/2

[Event "Mondariz zt 1.1"]
[Site "Mondariz"]
[Date "2000.09.05"]
[Round "3"]
[White "Norris, Alan J"]
[Black "Claesen, Pieter"]
[Result "0-1"]
[WhiteElo "2299"]
[BlackElo "2416"]
[EventDate "2000.09.03"]
[PlyCount "72"]

1.Nf3 Nf6 2.c4 e6 3.g3 d5 4.b3 d4 5.e3 Nc6 6.exd4 Nxd4 7.Bg2 Nxf3+ 8.Qxf3 
Bc5 9.Bb2 O-O 10.Bxf6 Qxf6 11.Qxf6 gxf6 12.Nc3 c6 13.Ne4 Bd4 14.Rd1 Rd8 
15.Ke2 a5 16.Rb1 a4 17.b4 f5 18.Nc3 e5 19.Rhc1 Be6 20.Nd1 f4 21.gxf4 exf4 
22.d3 Bg4+ 23.Kd2 Re8 24.Nc3 Bxf2 25.Rf1 Be3+ 26.Kc2 Re6 27.Bf3 f5 28.Rbe1
Bh3 29.Rh1 Kf7 30.b5 Rg8 31.Re2 Bg4 32.Rf1 Reg6 33.Bxg4 Rxg4 34.bxc6 bxc6 
35.Nxa4 Rg2 36.Re1 f3 0-1

[Event "Mondariz zt 1.1"]
[Site "Mondariz"]
[Date "2000.09.05"]
[Round "3"]
[White "Parker, Jonathan"]
[Black "Nataf, Igor Alexandre"]
[Result "1/2-1/2"]
[WhiteElo "2539"]
[BlackElo "2526"]
[EventDate "2000.09.03"]
[PlyCount "30"]

1.d4 Nf6 2.c4 g6 3.Nc3 Bg7 4.e4 d6 5.f4 c5 6.dxc5 Qa5 7.Bd3 Nfd7 8.Bd2 
Nxc5 9.Bc2 Nc6 10.Nd5 Qd8 11.b4 Nd7 12.Nf3 O-O 13.Rb1 Nb6 14.Ne3 a5 15.
bxa5 Nxa5 1/2-1/2